000 00402nam a22001457a 4500
999 _c524180
_d524180
020 _a0913215457
040 _cNUST
082 _a297.095
_bISR
100 _aIsraeli, Raphael
_914998
245 _aThe crescent in the East :
_bIslam in Asia major /
_cRaphael Israeli.
260 _aUnited Kingdom :
_bCurzon press,
_c1989.
300 _aill, 245 p. :
_c18 cm.
500 _aPaperback.
942 _2ddc
_cBK